[Event "12th Rubinstein Memorial"]
[Site "Polanica Zdroj POL"]
[Date "1974.08.16"]
[Round "9"]
[White "Filipowicz, Andrzej"]
[Black "Knaak, Rainer"]
[WhiteElo "2430"]
[BlackElo "2515"]
[Result "1/2-1/2"]
[EventDate "1974.08.07"]
[PlyCount "56"]
1. e4 Nc6 2. Bc4 Nf6 3. d4 Nxe4 4. Bxf7+ Kxf7 5. Qh5+ g6 6. Qd5+ e6 7. Qxe4 Qf6 8. Nf3 d5 9. Qf4 Bb4+ 10. Nc3 e5 11. Nxe5+ Nxe5 12. dxe5 Qxf4 13. Bxf4 d4 14. a3 Ba5 15. b4 dxc3 16. bxa5 Bf5 17. O-O-O Rad8 18. f3 c5 19. Bg5 Rd4 20. Rxd4 cxd4 21. Rd1 Rc8 22. Rxd4 Rc5 23. g4 Be6 24. Rd3 Rxe5 25. Be3 Rxa5 26. Rxc3 Bd5 27. f4 Bc6 28. Bd2 Ra4 1/2-1/2

[Event "12th Rubinstein Memorial"]
[Site "Polanica Zdroj POL"]
[Date "1974.08.17"]
[Round "10"]
[White "Adamski, Jan"]
[Black "Lombard, Andre"]
[WhiteElo "2405"]
[BlackElo "2410"]
[Result "1/2-1/2"]
[EventDate "1974.08.07"]
[PlyCount "81"]
1. c4 Nf6 2. Nf3 e6 3. b3 Be7 4. Bb2 O-O 5. g3 d5 6. Bg2 c5 7. O-O Nc6 8. e3 Bd7 9. Qe2 Rc8 10. d3 Qc7 11. Nc3 Rfd8 12. Rac1 Qb8 13. cxd5 exd5 14. Rfd1 b5 15. e4 Be6 16. exd5 Nxd5 17. Ne4 Qb6 18. Nfg5 Nd4 19. Qh5 Bxg5 20. Nxg5 Nf6 21. Qh4 Bg4 22. Bxd4 Rxd4 23. h3 Rcd8 24. hxg4 Rxg4 25. Qh3 Rxg5 26. Bf3 Qd6 27. Qh4 h6 28. Kg2 Qd4 29. Qxd4 Rxd4 30. Rc2 Nd5 31. Bxd5 Rgxd5 32. Rdc1 Rxd3 33. Rxc5 a6 34. Rxd5 Rxd5 35. Rc8+ Kh7 36. Rc6 a5 37. a3 Rd3 38. Ra6 Rxb3 39. Rxa5 g5 40. a4 b4 41. Rb5 1/2-1/2

[Event "12th Rubinstein Memorial"]
[Site "Polanica Zdroj POL"]
[Date "1974.08.17"]
[Round "10"]
[White "Doda, Zbigniew"]
[Black "Barczay, Laszlo"]
[WhiteElo "2410"]
[BlackElo "2440"]
[Result "1/2-1/2"]
[EventDate "1974.08.07"]
[PlyCount "39"]
1. Nf3 Nf6 2. c4 e6 3. g3 d5 4. Bg2 Be7 5. O-O O-O 6. b3 b6 7. Bb2 Bb7 8. cxd5 exd5 9. d3 Nbd7 10. Nc3 Re8 11. Rc1 c5 12. e3 Bf8 13. d4 cxd4 14. Nxd4 Nc5 15. b4 Nce4 16. a3 Nxc3 17. Rxc3 Qd7 18. Qc2 Rac8 19. Re1 Rxc3 20. Qxc3 1/2-1/2

[Event "12th Rubinstein Memorial"]
[Site "Polanica Zdroj POL"]
[Date "1974.08.17"]
[Round "10"]
[White "Knaak, Rainer"]
[Black "Nicevski, Risto"]
[WhiteElo "2515"]
[BlackElo "2430"]
[Result "0-1"]
[EventDate "1974.08.07"]
[PlyCount "138"]
1. d4 Nf6 2. c4 g6 3. Nc3 Bg7 4. e4 d6 5. f3 O-O 6. Be3 Nc6 7. Nge2 Rb8 8. a3 a6 9. b4 Bd7 10. Qd2 Qc8 11. g4 b5 12. cxb5 axb5 13. Bg2 e5 14. d5 Ne7 15. O-O Qb7 16. Bg5 Nc8 17. Qd3 Nb6 18. Kh1 h6 19. Bh4 Rfd8 20. g5 hxg5 21. Bxg5 Re8 22. Ng3 Nh7 23. Bc1 c6 24. Ra2 cxd5 25. Nxd5 Nxd5 26. exd5 f5 27. Rd1 Rbc8 28. Re2 Rc4 29. Bb2 Nf6 30. Bf1 Rf8 31. Rg2 Be8 32. Qd2 Rf4 33. Qd3 Rc4 34. Qd2 Rh4 35. Be2 f4 36. Nf1 Qd7 37. Bd3 Qh3 38. Qe2 Kh7 39. Bb1 Bf7 40. Be4 Nxe4 41. Qxe4 Rc8 42. Nd2 Qf5 43. Qe1 Rh5 44. Ne4 Bf8 45. Qe2 Be8 46. Qf2 Be7 47. Rdg1 Qd7 48. Qe2 Qf5 49. Qf2 Qd7 50. Qf1 Qb7 51. Qd3 Rf5 52. Rg4 Qb6 53. Re1 Bf7 54. Nc3 Rc4 55. Ne4 Qc7 56. Rg2 Rh5 57. Reg1 Rh6 58. Nd2 Qb7 59. Nxc4 bxc4 60. Qd1 Bxd5 61. Rf1 Rh3 62. Qc2 Rh6 63. Qb1 Bh4 64. Rd2 Bg3 65. Bxe5 dxe5 66. Rxd5 Rxh2+ 67. Kg1 Qa7+ 68. Rc5 Qxa3 69. Rf2 Qe3 0-1

[Event "12th Rubinstein Memorial"]
[Site "Polanica Zdroj POL"]
[Date "1974.08.17"]
[Round "10"]
[White "Suetin, Alexei"]
[Black "Farago, Ivan"]
[WhiteElo "2505"]
[BlackElo "2475"]
[Result "1/2-1/2"]
[EventDate "1974.08.07"]
[PlyCount "46"]
1. c4 Nf6 2. Nc3 e6 3. Nf3 d5 4. d4 c5 5. e3 Nc6 6. a3 a6 7. cxd5 exd5 8. Be2 Be7 9. dxc5 Bxc5 10. b4 Ba7 11. Bb2 O-O 12. Na4 Ne4 13. Rc1 Bg4 14. O-O Qd6 15. Nd4 Bxd4 16. Bxd4 Bxe2 17. Qxe2 Nxd4 18. exd4 a5 19. Nc5 axb4 20. axb4 b6 21. Nxe4 dxe4 22. Qxe4 Qxb4 23. Rb1 Qd6 1/2-1/2

[Event "12th Rubinstein Memorial"]
[Site "Polanica Zdroj POL"]
[Date "1974.08.17"]
[Round "10"]
[White "Sznapik, Aleksander"]
[Black "Filipowicz, Andrzej"]
[WhiteElo "2325"]
[BlackElo "2430"]
[Result "0-1"]
[EventDate "1974.08.07"]
[PlyCount "100"]
1. e4 c6 2. d4 d5 3. Nc3 dxe4 4. Nxe4 Nd7 5. Nf3 Ngf6 6. Nxf6+ Nxf6 7. Bc4 Nd5 8. O-O Bg4 9. Re1 e6 10. Be2 Be7 11. Ne5 Bxe2 12. Qxe2 O-O 13. Bd2 Bg5 14. Rad1 Bxd2 15. Rxd2 Qa5 16. a3 Rad8 17. Red1 Nf4 18. Qe3 Ng6 19. f4 Qb6 20. b4 Nxe5 21. fxe5 a5 22. c3 axb4 23. axb4 Ra8 24. Rf2 Ra3 25. Rf3 Qa6 26. h4 Ra1 27. Rxa1 Qxa1+ 28. Kh2 h6 29. Qf4 Qe1 30. Qg4 Kh7 31. h5 Qd2 32. Rg3 Rg8 33. Qh4 Qe2 34. Rf3 Rf8 35. Qe7 Kg8 36. Qxb7 Qe4 37. Qe7 Qg4 38. Rh3 Qf4+ 39. Rg3 Ra8 40. Qb7 Qh4+ 41. Rh3 Qf4+ 42. Rg3 Ra1 43. Qxc6 Rf1 44. Qe8+ Kh7 45. Qe7 Qc1 46. Rf3 Rh1+ 47. Kg3 Qe1+ 48. Kg4 f5+ 49. Rxf5 Qe4+ 50. Kg3 exf5 0-1

[Event "12th Rubinstein Memorial"]
[Site "Polanica Zdroj POL"]
[Date "1974.08.19"]
[Round "11"]
[White "Farago, Ivan"]
[Black "Doda, Zbigniew"]
[WhiteElo "2475"]
[BlackElo "2410"]
[Result "1/2-1/2"]
[EventDate "1974.08.07"]
[PlyCount "63"]
1. d4 Nf6 2. c4 c5 3. d5 g6 4. Nc3 d6 5. e4 Bg7 6. Bf4 O-O 7. Nf3 e5 8. dxe6 Bxe6 9. Bxd6 Re8 10. Be2 Nc6 11. O-O Qa5 12. a3 Nd4 13. Nxd4 cxd4 14. Qxd4 Nd7 15. Qd2 Bxc3 16. bxc3 Rac8 17. Rab1 Bxc4 18. Bxc4 Rxc4 19. Rxb7 Nf6 20. f3 a6 21. e5 Nh5 22. e6 Rxe6 23. Rb8+ Kg7 24. Bf8+ Kf6 25. Rb4 Rc8 26. Qd4+ Qe5 27. Qh4+ Qg5 28. Bg7+ Nxg7 29. Qd4+ Qe5 30. Qh4+ Qg5 31. Qd4+ Qe5 32. Qh4+ 1/2-1/2

[Event "12th Rubinstein Memorial"]
[Site "Polanica Zdroj POL"]
[Date "1974.08.19"]
[Round "11"]
[White "Filipowicz, Andrzej"]
[Black "Suetin, Alexei"]
[WhiteElo "2430"]
[BlackElo "2505"]
[Result "0-1"]
[EventDate "1974.08.07"]
[PlyCount "118"]
1. e4 c5 2. Nf3 d6 3. d4 cxd4 4. Nxd4 Nf6 5. Nc3 a6 6. f4 Qc7 7. a4 g6 8. Bd3 Bg7 9. Nf3 Nbd7 10. O-O b6 11. Kh1 Bb7 12. Qe1 Nc5 13. Bd2 O-O 14. b4 Nxd3 15. cxd3 Rac8 16. Rc1 Qd8 17. Qh4 d5 18. e5 d4 19. Ng5 h6 20. exf6 exf6 21. Nxf7 Rxf7 22. Ne4 Rxc1 23. Bxc1 Qd5 24. Qg3 f5 25. Nd2 Kh7 26. Re1 Rc7 27. Nf3 Rc2 28. Nh4 Qf7 29. b5 axb5 30. axb5 Bf6 31. Nf3 Qb3 32. h4 Qc3 33. h5 gxh5 34. Qh3 Kg6 35. Qg3+ Kf7 36. Nh4 Rxg2 37. Nxg2 h4 38. Qf2 h3 39. Kg1 hxg2 40. Qa2+ Kg7 41. Qe2 Bf3 42. Qe8 Bh5 43. Re7+ Bxe7 44. Qxe7+ Bf7 45. Ba3 Qxd3 46. Kxg2 Kg6 47. Kf2 Qd2+ 48. Kg3 Qc3+ 49. Kf2 d3 50. Qd6+ Kh5 51. Qe7 Qd4+ 52. Qe3 Qxe3+ 53. Kxe3 Bc4 54. Be7 Kg4 55. Bd8 h5 56. Bxb6 h4 57. Ba5 Bxb5 58. Bd2 h3 59. Kf2 Bc6 0-1

[Event "12th Rubinstein Memorial"]
[Site "Polanica Zdroj POL"]
[Date "1974.08.19"]
[Round "11"]
[White "Garcia Martinez, Silvino"]
[Black "Adamski, Jan"]
[WhiteElo "2400"]
[BlackElo "2405"]
[Result "1-0"]
[EventDate "1974.08.07"]
[PlyCount "60"]
1. d4 Nf6 2. c4 e6 3. Nc3 Bb4 4. e3 b6 5. Nge2 Ba6 6. a3 Bxc3+ 7. Nxc3 d5 8. b3 O-O 9. a4 Nc6 10. Bd3 dxc4 11. bxc4 Qd7 12. O-O Rfd8 13. Bb2 e5 14. Ne4 Nxe4 15. Bxe4 exd4 16. exd4 Bxc4 17. Qc2 Bd5 18. Bxh7+ Kh8 19. Ra3 Nb4 20. Qb1 g6 21. Rh3 Qg4 22. f3 Qxh3 23. gxh3 Kxh7 24. h4 Re8 25. h5 Re2 26. hxg6+ fxg6 27. Ba3 a5 28. Re1 Rxe1+ 29. Qxe1 Nc6 30. Qg3 Rg8 1-0

[Event "12th Rubinstein Memorial"]
[Site "Polanica Zdroj POL"]
[Date "1974.08.20"]
[Round "12"]
[White "Doda, Zbigniew"]
[Black "Filipowicz, Andrzej"]
[WhiteElo "2410"]
[BlackElo "2430"]
[Result "1/2-1/2"]
[EventDate "1974.08.07"]
[PlyCount "35"]
1. Nf3 g6 2. g3 Bg7 3. Bg2 c5 4. O-O Nc6 5. d3 d6 6. e4 e5 7. Nc3 Nge7 8. Nd2 O-O 9. Nc4 a6 10. a4 Nb4 11. Nd5 Nbxd5 12. exd5 b6 13. c3 Rb8 14. a5 b5 15. Nb6 Bb7 16. f4 Nc8 17. Nxc8 Bxc8 18. fxe5 1/2-1/2

[Event "12th Rubinstein Memorial"]
[Site "Polanica Zdroj POL"]
[Date "1974.08.20"]
[Round "12"]
[White "Lechtynsky, Jiri"]
[Black "Lombard, Andre"]
[WhiteElo "2390"]
[BlackElo "2410"]
[Result "1-0"]
[EventDate "1974.08.07"]
[PlyCount "75"]
1. e4 e6 2. d4 d5 3. Nc3 Bb4 4. Nge2 dxe4 5. a3 Be7 6. Nxe4 Nc6 7. g3 Nf6 8. Bg2 e5 9. Nxf6+ Bxf6 10. d5 Ne7 11. O-O O-O 12. Nc3 Nf5 13. Ne4 Nd6 14. Qe2 Bf5 15. c4 Nxe4 16. Bxe4 Qd7 17. Bd2 Rae8 18. Bb4 Be7 19. Bxf5 Qxf5 20. Rfe1 Qd7 21. Bc3 Bd6 22. b4 b6 23. Qb2 f6 24. Re3 c6 25. dxc6 Qxc6 26. Qe2 Rc8 27. c5 bxc5 28. Qc4+ Kh8 29. b5 Qb6 30. Rd1 e4 31. Rxe4 Be5 32. Bxe5 fxe5 33. Rxe5 Qf6 34. f4 Qb6 35. Rd7 Rcd8 36. Rxd8 Qxd8 37. Kg2 h6 38. Rxc5 1-0

[Event "12th Rubinstein Memorial"]
[Site "Polanica Zdroj POL"]
[Date "1974.08.21"]
[Round "13"]
[White "Barczay, Laszlo"]
[Black "Adamski, Jan"]
[WhiteElo "2440"]
[BlackElo "2405"]
[Result "1/2-1/2"]
[EventDate "1974.08.07"]
[PlyCount "124"]
1. e4 c5 2. Nf3 e6 3. Nc3 d6 4. d4 cxd4 5. Nxd4 a6 6. Be2 Nf6 7. Be3 Qc7 8. O-O Be7 9. f4 O-O 10. a4 b6 11. Bf3 Bb7 12. Qe2 Nc6 13. Kh1 Nxd4 14. Bxd4 e5 15. fxe5 dxe5 16. Be3 Bb4 17. Na2 Be7 18. Bg5 Ne8 19. Be3 Nf6 20. Bf2 b5 21. Rfc1 Rfc8 22. axb5 axb5 23. Bh4 Qc4 24. Qxc4 Rxc4 25. b3 Rc6 26. Bxf6 gxf6 27. c3 Rca6 28. Rc2 Ra3 29. h3 Bc8 30. Bg4 Bxg4 31. hxg4 Kg7 32. Kh2 Kg6 33. g3 b4 34. cxb4 Bd8 35. Kh3 Bb6 36. Rc6 Bf2 37. g5 Rxa2 38. Rxf6+ Kxg5 39. Rf5+ Kg6 40. Rf1 Bd4 41. Kg4 h5+ 42. Rxh5 f6 43. Rfh1 Kf7 44. Rh7+ Ke6 45. Rc1 R2a6 46. Rcc7 Re8 47. Kh5 Rd6 48. b5 Bb6 49. Rc4 Bd8 50. g4 Re7 51. Rxe7+ Kxe7 52. Kg6 Ke6 53. Rc6 Kd7 54. Rxd6+ Kxd6 55. Kf7 Kc5 56. Ke8 Bc7 57. Ke7 Kd4 58. Kd7 Bb6 59. Kc6 Bc5 60. b4 Bxb4 61. b6 Bc5 62. b7 Ba7 1/2-1/2

[Event "12th Rubinstein Memorial"]
[Site "Polanica Zdroj POL"]
[Date "1974.08.21"]
[Round "13"]
[White "Lombard, Andre"]
[Black "Knaak, Rainer"]
[WhiteElo "2410"]
[BlackElo "2515"]
[Result "0-1"]
[EventDate "1974.08.07"]
[PlyCount "52"]
1. Nf3 g6 2. d4 d6 3. c4 Bg7 4. Nc3 Nd7 5. g3 e5 6. Bg2 Ne7 7. e4 exd4 8. Nxd4 O-O 9. O-O Ne5 10. Qe2 c6 11. Rd1 Qb6 12. h3 f5 13. Be3 Qb4 14. f4 Nf7 15. e5 dxe5 16. Nb3 b6 17. Bf2 Be6 18. Bf1 Nc8 19. fxe5 Nxe5 20. Rd4 Qe7 21. Re1 Nd6 22. c5 Ndf7 23. Bg2 Rae8 24. cxb6 axb6 25. Rd2 Bc4 26. Qd1 Bh6 0-1

[Event "12th Rubinstein Memorial"]
[Site "Polanica Zdroj POL"]
[Date "1974.08.21"]
[Round "13"]
[White "Nicevski, Risto"]
[Black "Doda, Zbigniew"]
[WhiteElo "2430"]
[BlackElo "2410"]
[Result "0-1"]
[EventDate "1974.08.07"]
[PlyCount "102"]
1. e4 c5 2. Nf3 e6 3. d3 Nc6 4. g3 d5 5. Qe2 d4 6. e5 Nge7 7. Bg2 h6 8. h4 Nd5 9. c4 dxc3 10. bxc3 Be7 11. O-O O-O 12. Bb2 Rb8 13. c4 Ndb4 14. Rd1 Bd7 15. a3 Na6 16. Nbd2 Na5 17. d4 Ba4 18. Rdc1 cxd4 19. Nxd4 Nc5 20. Ne4 Nxe4 21. Qxe4 Bc5 22. Rab1 Qd7 23. Nf3 Rfd8 24. Bc3 Nc6 25. h5 Bxa3 26. Bb2 Bc5 27. Bf1 Ne7 28. g4 b6 29. Rc3 a5 30. Bd3 Kf8 31. Qh7 Bb4 32. Rbc1 Ng8 33. Qh8 Qxd3 34. Rxd3 Rxd3 35. Nh4 Rbd8 36. Qh7 Bc6 37. Ng2 Bc5 38. Bc3 a4 39. Ne1 Rg3+ 40. Kf1 Rxg4 41. Qc2 Rxc4 42. Qa2 Rf4 43. Rc2 Ne7 44. Bb2 Rd1 45. Ba3 Re4 46. Re2 Bb5 47. Bxc5 bxc5 48. Qb2 Bxe2+ 49. Kg2 Bf1+ 50. Kh2 Rh4+ 51. Kg1 Ba6 0-1

[Event "12th Rubinstein Memorial"]
[Site "Polanica Zdroj POL"]
[Date "1974.08.21"]
[Round "13"]
[White "Schmidt, Wlodzimierz"]
[Black "Lechtynsky, Jiri"]
[WhiteElo "2500"]
[BlackElo "2390"]
[Result "1/2-1/2"]
[EventDate "1974.08.07"]
[PlyCount "41"]
1. Nf3 e6 2. c4 Nf6 3. g3 d5 4. Bg2 Be7 5. O-O O-O 6. d4 Nbd7 7. Qc2 c6 8. Rd1 Bd6 9. Nc3 Qe7 10. e4 Nxe4 11. Nxe4 dxe4 12. Qxe4 e5 13. c5 exd4 14. Qc2 Bxc5 15. Bf4 Nf6 16. Nxd4 Bxd4 17. Rxd4 Re8 18. h3 h6 19. Rad1 Nd5 20. Bc1 Bd7 21. b4 1/2-1/2

[Event "12th Rubinstein Memorial"]
[Site "Polanica Zdroj POL"]
[Date "1974.08.22"]
[Round "14"]
[White "Adamski, Jan"]
[Black "Lechtynsky, Jiri"]
[WhiteElo "2405"]
[BlackElo "2390"]
[Result "0-1"]
[EventDate "1974.08.07"]
[PlyCount "122"]
1. Nf3 e6 2. c4 f5 3. g3 Nf6 4. Bg2 Be7 5. d4 O-O 6. d5 Bb4+ 7. Nc3 Ne4 8. Qb3 Bxc3+ 9. bxc3 Qf6 10. Bb2 e5 11. O-O d6 12. Qc2 Nd7 13. Ne1 Nb6 14. Bc1 Nxc4 15. Bxe4 fxe4 16. Qxe4 Nb6 17. g4 Qf7 18. c4 c6 19. Ba3 Qf4 20. Qxf4 Rxf4 21. f3 c5 22. e4 Nxc4 23. Bc1 Rf7 24. a4 Bd7 25. Rf2 Raf8 26. Rc2 Na5 27. Ra3 Bxg4 28. Bd2 Bxf3 29. Nxf3 Rxf3 30. Rxf3 Rxf3 31. Bxa5 b6 32. Bd2 Ra3 33. Rc4 Kf7 34. Kf2 a6 35. Kf1 h6 36. Kf2 Rh3 37. Kg2 Rd3 38. Be1 Ra3 39. Kf1 b5 40. axb5 axb5 41. Rc2 Ra4 42. Rf2+ Ke7 43. Rg2 g5 44. h4 Rxe4 45. hxg5 hxg5 46. Rxg5 Rd4 47. Rg7+ Kf6 48. Rb7 b4 49. Ke2 Kf5 50. Bf2 Rxd5 51. Be3 Ke4 52. Rd7 Kf5 53. Rb7 e4 54. Rh7 Rd3 55. Rh5+ Ke6 56. Bxc5 dxc5 57. Rxc5 b3 58. Rb5 Kd6 59. Rb4 Kd5 60. Ra4 Rd4 61. Ra5+ Kc6 0-1

[Event "12th Rubinstein Memorial"]
[Site "Polanica Zdroj POL"]
[Date "1974.08.22"]
[Round "14"]
[White "Kirov, Nino"]
[Black "Nicevski, Risto"]
[WhiteElo "2465"]
[BlackElo "2430"]
[Result "1/2-1/2"]
[EventDate "1974.08.07"]
[PlyCount "35"]
1. e4 d5 2. exd5 Qxd5 3. Qf3 Qxf3 4. Nxf3 Bf5 5. Bb5+ c6 6. Ba4 Nd7 7. d3 a5 8. Nh4 Bg6 9. Nxg6 hxg6 10. c3 Ngf6 11. d4 e6 12. Nd2 Bd6 13. h3 Bc7 14. Nf3 b5 15. Bc2 Nd5 16. Ke2 a4 17. a3 f6 18. Be4 1/2-1/2

[Event "12th Rubinstein Memorial"]
[Site "Polanica Zdroj POL"]
[Date "1974.08.22"]
[Round "14"]
[White "Knaak, Rainer"]
[Black "Schmidt, Wlodzimierz"]
[WhiteElo "2515"]
[BlackElo "2500"]
[Result "1/2-1/2"]
[EventDate "1974.08.07"]
[PlyCount "81"]
1. d4 Nf6 2. c4 c5 3. d5 d6 4. Nc3 g6 5. e4 Bg7 6. Bd3 e5 7. Nge2 Nh5 8. Be3 O-O 9. Qd2 a6 10. O-O Nd7 11. g4 Nf4 12. Nxf4 exf4 13. Bxf4 Ne5 14. f3 Rb8 15. a4 f5 16. exf5 gxf5 17. g5 Bd7 18. Kh1 Qa5 19. Be2 Rbe8 20. Rf2 Qc7 21. h4 Ng6 22. h5 Nxf4 23. Qxf4 Re7 24. Rg2 Be8 25. g6 h6 26. Bd3 Re5 27. Re2 Rxe2 28. Bxe2 Qe7 29. Bd3 Bd7 30. Kg2 Re8 31. Rf1 Qf8 32. Rf2 Bd4 33. Re2 Rxe2+ 34. Nxe2 Bxb2 35. Qd2 Bg7 36. a5 Qe7 37. Ng3 Qh4 38. Bxf5 Be5 39. f4 Bxf4 40. Qe1 Qxg3+ 41. Qxg3 1/2-1/2

[Event "12th Rubinstein Memorial"]
[Site "Polanica Zdroj POL"]
[Date "1974.08.22"]
[Round "14"]
[White "Sznapik, Aleksander"]
[Black "Lombard, Andre"]
[WhiteElo "2325"]
[BlackElo "2410"]
[Result "1/2-1/2"]
[EventDate "1974.08.07"]
[PlyCount "54"]
1. e4 e6 2. d4 d5 3. Nd2 c5 4. Ngf3 Nc6 5. exd5 exd5 6. Bb5 Bd6 7. O-O Nge7 8. dxc5 Bxc5 9. Nb3 Bd6 10. Bg5 O-O 11. Bh4 Bg4 12. Be2 Qb6 13. Bxe7 Nxe7 14. Qd4 Qxd4 15. Nfxd4 Bxe2 16. Nxe2 b5 17. c3 b4 18. cxb4 Bxb4 19. Rac1 Rac8 20. Ned4 Rc4 21. Nc2 Bd6 22. Ne3 Ra4 23. a3 Rb8 24. Nc5 Ra5 25. Nd3 g6 26. Rfd1 Rb3 27. g3 Kg7 1/2-1/2

[Event "12th Rubinstein Memorial"]
[Site "Polanica Zdroj POL"]
[Date "1974.08.24"]
[Round "15"]
[White "Farago, Ivan"]
[Black "Adamski, Jan"]
[WhiteElo "2475"]
[BlackElo "2405"]
[Result "1-0"]
[EventDate "1974.08.07"]
[PlyCount "99"]
1. d4 Nf6 2. c4 e6 3. Nc3 Bb4 4. Qc2 O-O 5. a3 Bxc3+ 6. Qxc3 b6 7. Bg5 Bb7 8. e3 h6 9. Bh4 d6 10. f3 Nbd7 11. Bd3 c5 12. Ne2 Rc8 13. O-O cxd4 14. Qxd4 Ne5 15. e4 Ba6 16. b3 Nxd3 17. Qxd3 b5 18. cxb5 Qb6+ 19. Nd4 Bxb5 20. Qxb5 Qxd4+ 21. Bf2 Qb2 22. Qd3 d5 23. Bd4 dxe4 24. fxe4 Rfd8 25. Rfd1 Qc2 26. Qxc2 Rxc2 27. Bxa7 Rxd1+ 28. Rxd1 Rc3 29. Bd4 Rxb3 30. Bxf6 gxf6 31. Ra1 Re3 32. a4 Rxe4 33. a5 Rd4 34. Kf2 Kf8 35. Ke3 Rd8 36. a6 Ke7 37. Rb1 Ra8 38. Rb7+ Kd6 39. a7 Ke5 40. Rxf7 f5 41. Rd7 h5 42. g3 h4 43. gxh4 Kf6 44. Kd4 e5+ 45. Kd5 e4 46. Kd4 Kg6 47. Ke3 Kh6 48. Kf4 Kg6 49. Rb7 Kh6 50. h5 1-0

[Event "12th Rubinstein Memorial"]
[Site "Polanica Zdroj POL"]
[Date "1974.08.24"]
[Round "15"]
[White "Filipowicz, Andrzej"]
[Black "Barczay, Laszlo"]
[WhiteElo "2430"]
[BlackElo "2440"]
[Result "1/2-1/2"]
[EventDate "1974.08.07"]
[PlyCount "31"]
1. e4 c5 2. Nf3 d6 3. d4 cxd4 4. Nxd4 Nf6 5. Nc3 g6 6. Be2 Bg7 7. Be3 Nc6 8. O-O O-O 9. Nb3 Be6 10. f4 Qc8 11. h3 Rd8 12. Bf3 Bc4 13. Rf2 e5 14. Rd2 exf4 15. Bxf4 Ne5 16. Bxe5 1/2-1/2

[Event "12th Rubinstein Memorial"]
[Site "Polanica Zdroj POL"]
[Date "1974.08.24"]
[Round "15"]
[White "Lechtynsky, Jiri"]
[Black "Knaak, Rainer"]
[WhiteElo "2390"]
[BlackElo "2515"]
[Result "1/2-1/2"]
[EventDate "1974.08.07"]
[PlyCount "20"]
1. e4 g6 2. d4 d6 3. Nf3 Bg7 4. Bc4 Nf6 5. Nc3 O-O 6. O-O Nc6 7. Bb3 Bg4 8. Be3 e5 9. d5 Ne7 10. h3 Bd7 1/2-1/2

[Event "12th Rubinstein Memorial"]
[Site "Polanica Zdroj POL"]
[Date "1974.08.24"]
[Round "15"]
[White "Schmidt, Wlodzimierz"]
[Black "Sznapik, Aleksander"]
[WhiteElo "2500"]
[BlackElo "2325"]
[Result "1/2-1/2"]
[EventDate "1974.08.07"]
[PlyCount "22"]
1. Nf3 g6 2. g3 Bg7 3. Bg2 c5 4. O-O Nc6 5. d3 d5 6. Nbd2 Nf6 7. e4 O-O 8. c3 dxe4 9. dxe4 h6 10. Qe2 Bg4 11. Nc4 Qd7 1/2-1/2